000
00311nam a2200133Ia 4500
008
241014s9999||||xx |||||||||||||| ||und||
020
_a
978-8131204740
060
_a
N 2008
100
_a
Antonio Nanci
245
0
_a
Ten Cate's Oral Histology.
250
_a
7th
260
_b
Elsevier
_c
2008
942
_b
DIMC
_c
BK
999
_c
8786
_d
8786